• 首页
  • 本馆介绍
  • 公告通知
  • 最新文献
  • 馆藏检索
  • 电子资源
  • 读者导购
  • 参考咨询
  • 我的图书馆
  • 登录
  • 详细信息显示
  • 放入我的书架
  • 预约/预借图书
  • 作者相关作品
  • 分类相关作品
  • 丛书相关作品
  • 出版社相关作品

书目信息

  • 表格格式
  • 工作单格式
  • 卡片格式
书名: Strategic planning for library managers
作者: by Donald E. Riggs.
分册号:
分册名:
出版地: Phoenix, Ariz. :
 
出版社: Oryx Press
出版时间: 1984.
页数: x, 137 p. :
开本: 24 cm.
丛书名:
中图分类号:
科图分类号:
其他分类号: G251
主题词:
电子资源:
000 00907pam a2200289 a 450
001 E0761043556
005 20070226170334.93
008 821015s1984 azua b 001 0 eng
010    @a82073735
020    @a0897740491 :@c$27.50.
035    @A(DLC) 82073735
040    @aDLC@cDLC@dDLC
050 00 @aZ679.5@b.R54 1984
082 00 @a025.1@2 19
090    @aG251
099    @dG251@ex13
100 1  @aRiggs, Donald E.
245 10 @aStrategic planning for library managers / @cby Donald E. Riggs.
260    @aPhoenix, Ariz. :@bOryx Press,@c1984.
300    @ax, 137 p. :@bill. ;@c24 cm.
500    @aIncludes index.
504    @aBibliography: p. [123]-134.
650  0 @aLibrary administration.
650  0 @aLibraries@xAims and objectives.
650  0 @aLibrary planning.
906    @a7@bcbc@corignew@d1@eopcn@f19@gy-gencatlg
991    @bc-GenColl@hZ679.5@i.R54 1984@p00019459524@tCopy 1@wBOOKS
    
    Strategic planning for library managers / / by Donald E. Riggs.-Phoenix, Ariz. : : Oryx Press, , 1984.
    x, 137 p. : : ill. ; ; 24 cm.
    Includes index.-Bibliography: p. [123]-134.
    
    ISBN 0897740491 :$27.50.
    
●
相关链接 在E读中查询图书 在五车中查询图书 在当当中查询图书 在豆瓣中查询图书


正题名:Strategic planning for library managers     索取号:G251/x13         预约/预借

序号 登录号 条形码 馆藏地/架位号 状态 备注
1 182757   001170253   第二样本阅览室/ [索取号:G251/x13] 在馆    
2 182758   001170299   第四借阅区/ [索取号:G251/x13] 在馆    
3 182759   001170262   第四借阅区/ [索取号:G251/x13] 在馆    
4 182760   001170306   第四借阅区/ [索取号:G251/x13] 在馆    
5 182761   001170930   第四借阅区/ [索取号:G251/x13] 在馆    
6 182762   001170985   第四借阅区/ [索取号:G251/x13] 在馆    
7 182763   001171001   第四借阅区/ [索取号:G251/x13] 在馆    
8 182764   001170333   第四借阅区/ [索取号:G251/x13] 在馆    
唐山师范学院图书馆 欢迎您!
大连网信软件有限公司© 版权所有